| 000 | 00591nam a2200205 u 4500 | ||
|---|---|---|---|
| 001 | 61553 | ||
| 005 | 20180714063232.0 | ||
| 008 | 141011s2009 xx r 000 0 spa d | ||
| 020 | _a978-968-24-8429-2 | ||
| 082 | 0 |
_a128 _bVAR |
|
| 100 | 1 |
_aVargas Téllez Juan Alberto _bVAR |
|
| 245 | 1 | 0 | _aDESARROLLO HUMANO. |
| 250 | _a1a. edición | ||
| 264 |
_aMéxico : _bTrillas ; _c2011 |
||
| 300 |
_a95 paginas ; _c22 paginas ;. |
||
| 336 |
_atexto _2rdacontent |
||
| 337 |
_asin mediación _2rdamedia |
||
| 338 |
_avolumen _2rdacarrier |
||
| 650 | 1 | _a1. Antropología filosofíca | |
| 999 |
_c61553 _d61553 |
||